Podpora rozhodovacího procesu

Pojem rozhodovací proces. Jeho etapy. Manažérske rozhodovanie. Rozhodovanie za rizika a neurčitosti.

Salvato in:
Dettagli Bibliografici
Autore principale: Horák, Rudolf
Altri autori: Danielová, Lenka
Natura: Capitolo di libro
Lingua:ceco
Soggetti:
Tags: Aggiungi Tag
Nessun Tag, puoi essere il primo ad aggiungerne!!

MARC

LEADER 00000naa a2200000 4500
001 0182695
005 20230911074207.5
041 0 |a cze 
044 |a CZ 
245 1 0 |a Podpora rozhodovacího procesu  |c Rudolf Horák, Lenka Danielová 
520 |a Pojem rozhodovací proces. Jeho etapy. Manažérske rozhodovanie. Rozhodovanie za rizika a neurčitosti. 
610 2 0 |a rozhodovanie manažérske 
610 2 0 |a rozhodovanie viackriteriálne 
610 2 0 |a rozhodovanie za neurčitosti 
610 2 0 |a rozhodovanie za rizika 
100 1 |a Horák, Rudolf 
700 1 |a Danielová, Lenka